Sports Quiz

Random Sports or Football Quiz

Philadelphia 76ers Current Roster Quiz Stats

Quiz not verified by Sporcle

Challenge
Share
Tweet
Embed
Score 0/14 Timer 04:00
0 Plays Today
Number Player Name % Correct
42Elton Brand
92.3%
11Jrue Holiday
92.3%
00Spencer Hawes
86.8%
9Andre Iguodala
86.8%
21Thaddeus Young
81.3%
23Louis Williams
81.3%
12Evan Turner
79.1%
Number Player Name % Correct
20Jodie Meeks
70.3%
16Marreese Speights
58.2%
5Andres Nocioni
51.6%
72Jason Kapono
49.5%
4Tony Battie
48.4%
33Craig Brackins
31.9%
25Darius Songaila
16.5%

You're not logged in!

Compare scores with friends on all Sporcle quizzes.
Sign Up with Email
OR
Log In

You Might Also Like...

Show Comments

Extras

Top Quizzes Today


Score Distribution

Your Account Isn't Verified!

In order to create a playlist on Sporcle, you need to verify the email address you used during registration. Go to your Sporcle Settings to finish the process.